The golden goose / (Record no. 47756)
[ view plain ]
| 000 -LEADER | |
|---|---|
| fixed length control field | 00540nam a22001697a 4500 |
| 005 - DATE AND TIME OF LATEST TRANSACTION | |
| control field | 20100925141433.0 |
| 008 - FIXED-LENGTH DATA ELEMENTS--GENERAL INFORMATION | |
| fixed length control field | 100925t xxu||||| |||| 00| 0 eng d |
| 020 ## - INTERNATIONAL STANDARD BOOK NUMBER | |
| International Standard Book Number | 1-57335-178-4 |
| 035 ## - SYSTEM CONTROL NUMBER | |
| System control number | A-781458 |
| 082 ## - DEWEY DECIMAL CLASSIFICATION NUMBER | |
| Classification number | S-GOL |
| 245 ## - TITLE STATEMENT | |
| Title | The golden goose / |
| Statement of responsibility, etc | illustrated by Pam Storey |
| 260 ## - PUBLICATION, DISTRIBUTION, ETC. (IMPRINT) | |
| Place of publication, distribution, etc | New York |
| Name of publisher, distributor, etc | Grandreams |
| Date of publication, distribution, etc | 1995 |
| 300 ## - PHYSICAL DESCRIPTION | |
| Extent | Various paging |
| Other physical details | 17cm. (Hb) |
| Dimensions | illu. |
| 700 ## - ADDED ENTRY--PERSONAL NAME | |
| Personal name | Storey, Pam |
| 9 (RLIN) | 21587 |
| 942 ## - ADDED ENTRY ELEMENTS (KOHA) | |
| Source of classification or shelving scheme | Dewey Decimal Classification |
| Item type | Children Books |
| Classification part | S-GOL |
| Withdrawn status | Lost status | Source of classification or shelving scheme | Damaged status | Not for loan | Collection code | Home library | Current library | Date acquired | Total Checkouts | Full call number | Barcode | Date last seen | Copy number | Koha item type |
|---|---|---|---|---|---|---|---|---|---|---|---|---|---|---|
| Dewey Decimal Classification | Not For Loan | Fiction | Patel Nagar | Patel Nagar | 25/09/2010 | S-GOL | A-781458 | 25/09/2010 | 1 | Children Books |
